01107nam a2200265 a 450000100100000000500170001000800410002704000250006808200150009310000340010824500840014226000480022630000250027449000690029950400730036850400310044159000270047265000280049965000200052771000510054783000760059891000370067495201130071199900170082400004039820260205101807.0100303s1986 dr ac 000 0 spa d aDO-SdBNPbspacBNPHU a658bM843i1 aMoreno, Eliseo Darío93639910aIntroducción al conocimiento de la administración /cEliseo Darío Moreno. aSanto Domingo :bUniversitaria-UASD,c1986. a207 p. :bil., retr.1 aPublicaciones de la Universidad Autónoma de Santo Domingov488 aIncluye referencias bibliográficas y notas al pie de las páginas aBibliografía: p. 205-207 aInventariado, 2018/ YL 0aAdministración920440 0aNegocios9278211 aUniversidad Autónoma de Santo Domingo972951 0aPublicaciones de la Universidad Autónoma de Santo Domingon488936400 aValidado. Control de calidad MFF 0010718PDaPDbPDcHDd2013-08-23iLF1l0o658 M843ip40398-10r2020-06-25w2020-06-25yLFPDZNo se presta c39888d39888